000 00739nam a2200265Ia 4500
001 18199
003 GE_BSU
008 181216s||||||||xx |||||||||||||| ||und||
020 _a9781284047608 (pbk. : alk. paper)
040 _cGE_BSU
100 _aPlopper, George.
245 _aPrinciples of cell biology
250 _aSecond edition.
260 _aBurlington,
260 _bJones & Bartlett Learning
260 _c2016
300 _axxii, 565 pages
300 _bcolor illustrations ; 28 cm
541 _h132gel.
653 _aCytology--Textbooks. Cytology--Study and teaching (Higher)
653 _aPrinciples of cell biology
653 _aბიოლოგია
653 _aციტოლოგია
942 _cBK
999 _c51239
_d51239